01602nam a2200361 a 4500001001000000003000500010005001700015008004100032010001100073011001100084040000900095090001000104100004700114245019600161260004100357500006000398502010900458590004100567590004000608590004000648650002400688650003600712650003600748650003600784700003200820856007000852901000700922942001000929942000600939999001900945952014000964952013601104000111261CHAP20220817044650.0150123s2014 mx a fsm |||||||spa d a107723 a108695 cCHAP aTesis1 aMaldonado Reyes, Felipe de Jesús912910310aPeriodo crítico de competencia de malezas en el cultivo de quinua (Chenopodium quinoa Willd) en Chapingo, Méxicoh[En línea]cpor Felipe de Jesús Maldonado Reyes y Karla Villa Ríos. aChapingo, Méx. :bEl autor,c2014. aPara ver el contenido del material haga clic en la liga aTesis (Ing. Agr. Esp. en Parasitología Agrícola) -- UACH. Departamento de Parasitología Agrícola aE11695DGDb10c20150126lUCH01h1111 aE6096MTMb05c20150123lUCH01h1059 aE6096MTMb05c20150123lUCH01h110314aChenopodium quinoa.14aCultivosxEspaciamiento.93026714aCultivosxMalas hierbas.93029114aQuinoazMéxico (Edo.).9933501 aVilla Ríos, Karla9129104 aFinding aiduhttp://10.13.5.2/tesis/sist111261.pdfzTeclea aquí aBK cTESIS n0 c107723d107723 00102local4053708TESISaBCbBCcPA_TESISd2015-01-23fTESISl0oTesisp33724002443603r2019-12-31 00:00:00tc.2w2019-12-31yTESIS 00104054718TESISaBCbBCd2015-01-23fTESISl0oTesisp33724002443644r2019-12-31 00:00:00w2019-12-31yTESISzRecien adquirido